Dulce pájaro de juventud

Uloženo v:
Podrobná bibliografie
Hlavní autor: Williams, Tennessee (Autor)
Médium: Kniha
Jazyk:španělština
Vydáno: Buenos Aires Sur 1962
Edice:Colección Teatro, 11
Témata:
Tagy: Přidat tag
Žádné tagy, Buďte první, kdo vytvoří štítek k tomuto záznamu!

MARC

LEADER 00000nam a2200000 a 4500
001 UCZ2430
003 CL-VaPUC
008 951005e19620000AG |||||||||||||||||spa|d
082 0 4 |a 812  |b WIL  |2 21 
100 0 |a Williams, Tennessee  |e author  |9 346192 
245 1 0 |a Dulce pájaro de juventud 
300 |a 166 p 
942 |c BK 
945 |d 19951005 00:00:00  |a rbrito 
260 |a Buenos Aires  |b Sur  |c 1962 
650 7 |a DRAMA ESTADOUNIDENSE  |2 CL-VaPUC  |9 319409 
583 |a last modification  |c 19951005 00:00:00  |k Rodrigo Vera 
490 0 |a Colección Teatro, 11 
999 |c 239030  |d 239028 
952 |0 0  |1 0  |4 0  |6 812_000000000000000_WIL_1962  |7 0  |8 A  |9 249811  |a BIBEDU  |b BIBEDU  |d 2019-11-18  |i 3137791  |o 812 WIL 1962  |p 3137791  |r 2019-11-18  |w 2019-11-18  |y BK  |k LIT